Digital citizenship in schools (Record no. 150078)

MARC details
000 -LEADER
fixed length control field 00902nam a2200265Ia 4500
008 - FIXED-LENGTH DATA ELEMENTS--GENERAL INFORMATION
fixed length control field 191130s2007##################000#0#eng##
020 ## - INTERNATIONAL STANDARD BOOK NUMBER
ISBN 9781564842329
082 ## - DEWEY DECIMAL CLASSIFICATION NUMBER
Classification number 372.334 RIB
100 ## - MAIN ENTRY--AUTHOR NAME
Personal name Ribble, Mike
245 ## - TITLE STATEMENT
Title Digital citizenship in schools
Statement of responsibility, etc Mike Ribble, Gerald Bailey
250 ## - EDITION STATEMENT
Edition statement 1st ed
260 ## - PUBLICATION, DISTRIBUTION, ETC. (IMPRINT)
Place of publication Eugene, Or
Name of publisher International Society for Technology in Education
Year of publication 2007
300 ## - PHYSICAL DESCRIPTION
Number of Pages vii, 149 p. : ill. ; 28 cm
500 ## - GENERAL NOTE
General note Includes bibliographical references
650 ## - SUBJECT ADDED ENTRY--TOPICAL TERM
Topical Term Computer literacy - Study and teaching - United States
Topical Term Education, Elementary - United States - Data processing
Topical Term Education, Secondary - United States - Data processing
Topical Term Internet literacy
700 ## - ADDED ENTRY--PERSONAL NAME
Personal name Bailey, Gerald D
991 ## -
-- 358273
Holdings
Withdrawn status Lost status Damaged status Not for loan Home library Current library Date acquired Full call number Accession Number Price effective from Koha item type
        Anna Centenary Library Anna Centenary Library 12.10.2020 372.334 RIB 276537 12.10.2020 English Books

Find us on the map